[Event "MCR juniorek 2024"]
[Site "Jaromerice nad Rokytnou, Czech Republic"]
[Date "????.??.??"]
[Round "4.4"]
[White "Fizerova, Lucie"]
[Black "Sulcova, Tereza Radmila"]
[Result "1-0"]
[WhiteFideId "385115"]
[BlackFideId "395196"]
[WhiteElo "1886"]
[BlackElo "1835"]

1. e4 {[%clk 01:30:57]} {[%emt 00:00:02]} g6 {[%clk 01:30:29]} {[%emt
00:00:31]} 2. d4 {[%clk 01:30:41]} {[%emt 00:00:46]} c6 {[%clk 01:30:20]}
{[%emt 00:00:38]} 3. c3 {[%clk 01:29:08]} {[%emt 00:02:02]} d5 {[%clk
01:25:17]} {[%emt 00:05:32]} 4. exd5 {[%clk 01:27:20]} {[%emt 00:02:19]} cxd5
{[%clk 01:24:45]} {[%emt 00:01:02]} 5. Bd3 {[%clk 01:27:12]} {[%emt 00:00:38]}
Nf6 {[%clk 01:21:17]} {[%emt 00:03:58]} 6. h3 {[%clk 01:26:45]} {[%emt
00:00:57]} Bg7 {[%clk 01:19:35]} {[%emt 00:02:12]} 7. Nf3 {[%clk 01:26:16]}
{[%emt 00:00:59]} Nc6 {[%clk 01:17:35]} {[%emt 00:02:30]} 8. O-O {[%clk
01:25:48]} {[%emt 00:00:58]} O-O {[%clk 01:17:51]} {[%emt 00:00:14]} 9. Bf4
{[%clk 01:22:54]} {[%emt 00:03:24]} Be6 {[%clk 01:10:42]} {[%emt 00:07:38]} 10.
Re1 {[%clk 01:16:37]} {[%emt 00:06:47]} Qd7 {[%clk 01:03:53]} {[%emt 00:07:19]}
11. Nbd2 {[%clk 01:13:17]} {[%emt 00:03:51]} Bf5 {[%clk 01:00:19]} {[%emt
00:04:03]} 12. Bf1 {[%clk 01:09:30]} {[%emt 00:04:18]} Ne4 {[%clk 00:47:17]}
{[%emt 00:13:32]} 13. Nxe4 {[%clk 01:05:46]} {[%emt 00:04:13]} Bxe4 {[%clk
00:47:15]} {[%emt 00:00:32]} 14. Nd2 {[%clk 00:55:43]} {[%emt 00:10:33]} Bf5
{[%clk 00:46:28]} {[%emt 00:01:17]} 15. Nb3 {[%clk 00:55:14]} {[%emt 00:01:00]}
b6 {[%clk 00:37:49]} {[%emt 00:09:09]} 16. a4 {[%clk 00:53:15]} {[%emt
00:02:29]} a5 {[%clk 00:37:12]} {[%emt 00:01:07]} 17. Bb5 {[%clk 00:52:43]}
{[%emt 00:01:02]} Be6 {[%clk 00:35:44]} {[%emt 00:01:58]} 18. Nd2 {[%clk
00:50:57]} {[%emt 00:02:16]} Qb7 {[%clk 00:32:14]} {[%emt 00:03:59]} 19. Nf3
{[%clk 00:47:31]} {[%emt 00:03:56]} Rfc8 {[%clk 00:20:32]} {[%emt 00:12:12]} 20.
Qe2 {[%clk 00:41:19]} {[%emt 00:06:43]} Ra7 {[%clk 00:17:24]} {[%emt 00:03:38]}
21. Rad1 {[%clk 00:36:46]} {[%emt 00:05:02]} Nd8 {[%clk 00:17:06]} {[%emt
00:00:48]} 22. Ng5 {[%clk 00:28:12]} {[%emt 00:09:04]} h6 {[%clk 00:14:16]}
{[%emt 00:03:21]} 23. Nxe6 {[%clk 00:27:31]} {[%emt 00:01:11]} Nxe6 {[%clk
00:14:38]} {[%emt 00:00:07]} 24. Bh2 {[%clk 00:25:53]} {[%emt 00:02:08]} Bf6
{[%clk 00:11:25]} {[%emt 00:03:44]} 25. Bd3 {[%clk 00:24:54]} {[%emt 00:01:28]}
Nf8 {[%clk 00:08:22]} {[%emt 00:03:34]} 26. Qe3 {[%clk 00:20:49]} {[%emt
00:04:35]} Bg7 {[%clk 00:07:26]} {[%emt 00:01:25]} 27. Re2 {[%clk 00:19:04]}
{[%emt 00:02:16]} Rc6 {[%clk 00:03:51]} {[%emt 00:04:05]} 28. Rde1 {[%clk
00:16:34]} {[%emt 00:02:59]} Re6 {[%clk 00:04:14]} {[%emt 00:00:08]} 29. Qd2
{[%clk 00:16:46]} {[%emt 00:00:17]} Rxe2 {[%clk 00:04:38]} {[%emt 00:00:06]} 30.
Qxe2 {[%clk 00:16:31]} {[%emt 00:00:46]} Qc6 {[%clk 00:04:13]} {[%emt
00:00:54]} 31. Bb5 {[%clk 00:14:26]} {[%emt 00:02:36]} Qc8 {[%clk 00:03:58]}
{[%emt 00:00:45]} 32. Qf3 {[%clk 00:14:07]} {[%emt 00:00:48]} e6 {[%clk
00:03:29]} {[%emt 00:01:00]} 33. Qf4 {[%clk 00:13:29]} {[%emt 00:01:07]} Nh7
{[%clk 00:02:59]} {[%emt 00:01:00]} 34. Qd6 {[%clk 00:12:27]} {[%emt 00:01:32]}
Rb7 {[%clk 00:02:41]} {[%emt 00:00:48]} 35. Ba6 {[%clk 00:12:24]} {[%emt
00:00:33]} Bf8 {[%clk 00:02:50]} {[%emt 00:00:22]} 36. Bxb7 {[%clk 00:12:24]}
{[%emt 00:00:30]} Qxb7 {[%clk 00:03:15]} {[%emt 00:00:05]} 37. Qc7 {[%clk
00:12:43]} {[%emt 00:00:10]} Qa6 {[%clk 00:03:12]} {[%emt 00:00:33]} 38. Qb8
{[%clk 00:12:22]} {[%emt 00:00:51]} Qc4 {[%clk 00:02:51]} {[%emt 00:00:52]} 39.
Qxb6 {[%clk 00:11:58]} {[%emt 00:00:54]} Qxa4 {[%clk 00:03:13]} {[%emt
00:00:08]} 40. Bc7 {[%clk 00:12:01]} {[%emt 00:00:25]} Qa2 {[%clk 00:02:55]}
{[%emt 00:00:49]} 41. Qxa5 {[%clk 00:11:11]} {[%emt 00:01:20]} Qxb2 {[%clk
00:03:17]} {[%emt 00:00:08]} 42. Qa1 {[%clk 00:10:36]} {[%emt 00:01:05]} Qd2
{[%clk 00:29:17]} {[%emt 00:04:29]} 43. Rb1 {[%clk 00:36:17]} {[%emt 00:04:50]}
Nf6 {[%clk 00:26:45]} {[%emt 00:03:01]} 44. Qb2 {[%clk 00:29:49]} {[%emt
00:06:58]} Qd3 {[%clk 00:22:34]} {[%emt 00:04:42]} 45. f3 {[%clk 00:29:12]}
{[%emt 00:01:07]} Qe3+ {[%clk 00:22:29]} {[%emt 00:00:35]} 46. Kh1 {[%clk
00:29:21]} {[%emt 00:00:21]} Bg7 {[%clk 00:19:21]} {[%emt 00:03:37]} 47. Ra1
{[%clk 00:25:20]} {[%emt 00:04:32]} Kh7 {[%clk 00:16:58]} {[%emt 00:02:53]} 48.
Ra8 {[%clk 00:23:05]} {[%emt 00:02:46]} Qe1+ {[%clk 00:16:37]} {[%emt
00:00:50]} 49. Kh2 {[%clk 00:23:28]} {[%emt 00:00:08]} e5 {[%clk 00:13:48]}
{[%emt 00:03:18]} 50. Bxe5 {[%clk 00:21:23]} {[%emt 00:02:35]} Ng4+ {[%clk
00:13:04]} {[%emt 00:01:15]} 51. fxg4 {[%clk 00:20:58]} {[%emt 00:00:54]} Bxe5+
{[%clk 00:13:25]} {[%emt 00:00:09]} 52. dxe5 {[%clk 00:21:16]} {[%emt
00:00:12]} Qxe5+ {[%clk 00:13:52]} {[%emt 00:00:03]} 53. g3 {[%clk 00:21:31]}
{[%emt 00:00:15]} 1-0

[Event "MCR juniorek 2024"]
[Site "Jaromerice nad Rokytnou, Czech Republic"]
[Date "????.??.??"]
[Round "5.3"]
[White "Jakubse, Tamae Severina"]
[Black "Fizerova, Lucie"]
[Result "0-1"]
[WhiteFideId "23745975"]
[BlackFideId "385115"]
[WhiteElo "1861"]
[BlackElo "1886"]

1. e4 {[%clk 01:30:57]} {[%emt 00:00:02]} c5 {[%clk 01:30:52]} {[%emt
00:00:08]} 2. c3 {[%clk 01:31:21]} {[%emt 00:00:06]} d5 {[%clk 01:31:18]}
{[%emt 00:00:05]} 3. exd5 {[%clk 01:31:46]} {[%emt 00:00:05]} Qxd5 {[%clk
01:31:41]} {[%emt 00:00:07]} 4. d4 {[%clk 01:32:10]} {[%emt 00:00:05]} Nf6
{[%clk 01:32:01]} {[%emt 00:00:10]} 5. Nf3 {[%clk 01:32:34]} {[%emt 00:00:06]}
e6 {[%clk 01:32:19]} {[%emt 00:00:12]} 6. Na3 {[%clk 01:32:57]} {[%emt
00:00:07]} Qd8 {[%clk 01:32:36]} {[%emt 00:00:14]} 7. Nc4 {[%clk 01:32:52]}
{[%emt 00:00:35]} Nc6 {[%clk 01:32:41]} {[%emt 00:00:25]} 8. Be3 {[%clk
01:33:08]} {[%emt 00:00:13]} Nd5 {[%clk 01:32:33]} {[%emt 00:00:38]} 9. Bd3
{[%clk 01:32:51]} {[%emt 00:00:47]} Be7 {[%clk 01:31:35]} {[%emt 00:01:28]} 10.
dxc5 {[%clk 01:33:06]} {[%emt 00:00:16]} Nxe3 {[%clk 01:30:48]} {[%emt
00:01:17]} 11. Nxe3 {[%clk 01:33:29]} {[%emt 00:00:07]} Bxc5 {[%clk 01:30:14]}
{[%emt 00:01:04]} 12. Qe2 {[%clk 01:33:44]} {[%emt 00:00:14]} O-O {[%clk
01:27:19]} {[%emt 00:03:26]} 13. O-O-O {[%clk 01:34:09]} {[%emt 00:00:05]} Qe7
{[%clk 01:26:09]} {[%emt 00:01:41]} 14. h4 {[%clk 01:32:57]} {[%emt 00:01:41]}
h6 {[%clk 01:17:32]} {[%emt 00:09:07]} 15. g4 {[%clk 01:21:22]} {[%emt
00:12:04]} g6 {[%clk 01:13:33]} {[%emt 00:04:29]} 16. Nd2 {[%clk 01:04:55]}
{[%emt 00:16:58]} Ne5 {[%clk 01:09:01]} {[%emt 00:05:02]} 17. Bc2 {[%clk
01:01:33]} {[%emt 00:03:50]} b5 {[%clk 01:04:08]} {[%emt 00:05:25]} 18. Rdg1
{[%clk 00:57:58]} {[%emt 00:04:04]} Bb7 {[%clk 00:58:35]} {[%emt 00:06:04]} 19.
Rh3 {[%clk 00:56:54]} {[%emt 00:01:33]} Rfd8 {[%clk 00:56:25]} {[%emt
00:02:40]} 20. f4 {[%clk 00:52:49]} {[%emt 00:04:34]} Rxd2 {[%clk 00:53:49]}
{[%emt 00:03:07]} 21. Qxd2 {[%clk 00:48:11]} {[%emt 00:05:07]} Nf3 {[%clk
00:50:55]} {[%emt 00:03:26]} 22. Rxf3 {[%clk 00:48:31]} {[%emt 00:00:09]} Bxf3
{[%clk 00:51:22]} {[%emt 00:00:04]} 23. Rg3 {[%clk 00:38:39]} {[%emt 00:10:21]}
Rd8 {[%clk 00:49:15]} {[%emt 00:02:37]} 24. Qf2 {[%clk 00:38:47]} {[%emt
00:00:22]} Bc6 {[%clk 00:47:37]} {[%emt 00:02:08]} 25. Rg1 {[%clk 00:32:26]}
{[%emt 00:06:50]} a5 {[%clk 00:42:19]} {[%emt 00:05:49]} 26. Re1 {[%clk
00:29:27]} {[%emt 00:03:28]} b4 {[%clk 00:40:21]} {[%emt 00:02:29]} 27. c4
{[%clk 00:26:57]} {[%emt 00:03:00]} a4 {[%clk 00:36:25]} {[%emt 00:04:27]} 28.
g5 {[%clk 00:23:43]} {[%emt 00:03:43]} h5 {[%clk 00:33:56]} {[%emt 00:02:59]}
29. Qg3 {[%clk 00:23:24]} {[%emt 00:00:48]} Qa7 {[%clk 00:31:44]} {[%emt
00:02:44]} 30. Re2 {[%clk 00:20:03]} {[%emt 00:03:49]} b3 {[%clk 00:30:46]}
{[%emt 00:01:29]} 31. axb3 {[%clk 00:17:57]} {[%emt 00:02:35]} axb3 {[%clk
00:29:34]} {[%emt 00:01:43]} 32. Bb1 {[%clk 00:17:28]} {[%emt 00:00:58]} Qa1
{[%clk 00:29:34]} {[%emt 00:00:31]} 0-1

[Event "MCR juniorek 2024"]
[Site "Jaromerice nad Rokytnou, Czech Republic"]
[Date "????.??.??"]
[Round "6.3"]
[White "Fizerova, Lucie"]
[Black "Nespora, Tatana"]
[Result "1/2-1/2"]
[WhiteFideId "385115"]
[BlackFideId "392286"]
[WhiteElo "1886"]
[BlackElo "1839"]

1. e4 {[%clk 01:30:56]} {[%emt 00:00:03]} c5 {[%clk 01:30:43]} {[%emt
00:00:17]} 2. Nf3 {[%clk 01:31:10]} {[%emt 00:00:16]} Nc6 {[%clk 01:30:54]}
{[%emt 00:00:19]} 3. Bb5 {[%clk 01:31:31]} {[%emt 00:00:09]} g6 {[%clk
01:30:47]} {[%emt 00:00:36]} 4. O-O {[%clk 01:31:50]} {[%emt 00:00:11]} Bg7
{[%clk 01:30:49]} {[%emt 00:00:28]} 5. Re1 {[%clk 01:31:57]} {[%emt 00:00:23]}
e5 {[%clk 01:29:41]} {[%emt 00:01:38]} 6. Bxc6 {[%clk 01:32:09]} {[%emt
00:00:19]} dxc6 {[%clk 01:29:58]} {[%emt 00:00:12]} 7. a4 {[%clk 01:32:26]}
{[%emt 00:00:14]} a5 {[%clk 01:28:24]} {[%emt 00:02:03]} 8. Na3 {[%clk
01:31:24]} {[%emt 00:01:33]} Qc7 {[%clk 01:24:27]} {[%emt 00:04:26]} 9. d3
{[%clk 01:31:00]} {[%emt 00:00:55]} Nf6 {[%clk 01:23:29]} {[%emt 00:01:27]} 10.
Nc4 {[%clk 01:28:40]} {[%emt 00:02:51]} Nd7 {[%clk 01:22:36]} {[%emt 00:01:23]}
11. Be3 {[%clk 01:28:00]} {[%emt 00:01:10]} O-O {[%clk 01:20:24]} {[%emt
00:02:41]} 12. Qc1 {[%clk 01:24:41]} {[%emt 00:03:50]} Re8 {[%clk 01:18:08]}
{[%emt 00:02:45]} 13. h3 {[%clk 01:22:04]} {[%emt 00:03:07]} b6 {[%clk
01:16:43]} {[%emt 00:01:55]} 14. Nh2 {[%clk 01:20:22]} {[%emt 00:02:12]} Ba6
{[%clk 01:01:48]} {[%emt 00:15:26]} 15. Nd2 {[%clk 01:16:17]} {[%emt 00:04:35]}
Nf8 {[%clk 01:00:24]} {[%emt 00:01:53]} 16. Ndf3 {[%clk 01:13:16]} {[%emt
00:03:31]} Ne6 {[%clk 00:57:37]} {[%emt 00:03:17]} 17. Ng4 {[%clk 01:07:14]}
{[%emt 00:06:33]} Rad8 {[%clk 00:48:06]} {[%emt 00:10:01]} 18. Bh6 {[%clk
01:05:38]} {[%emt 00:02:06]} Bh8 {[%clk 00:44:13]} {[%emt 00:04:21]} 19. g3
{[%clk 00:59:08]} {[%emt 00:07:01]} Bc8 {[%clk 00:40:19]} {[%emt 00:04:25]} 20.
Kg2 {[%clk 00:55:25]} {[%emt 00:04:12]} Nd4 {[%clk 00:35:35]} {[%emt 00:05:14]}
21. Nxd4 {[%clk 00:52:24]} {[%emt 00:03:32]} cxd4 {[%clk 00:33:54]} {[%emt
00:02:10]} 22. Bg5 {[%clk 00:44:47]} {[%emt 00:08:07]} Rd6 {[%clk 00:30:38]}
{[%emt 00:03:46]} 23. f3 {[%clk 00:38:53]} {[%emt 00:06:25]} Bg7 {[%clk
00:24:54]} {[%emt 00:06:13]} 24. Nf2 {[%clk 00:35:21]} {[%emt 00:04:02]} Bf6
{[%clk 00:19:05]} {[%emt 00:06:19]} 25. Bxf6 {[%clk 00:32:03]} {[%emt
00:03:48]} Rxf6 {[%clk 00:19:11]} {[%emt 00:00:23]} 26. Qh6 {[%clk 00:26:58]}
{[%emt 00:05:36]} Rd6 {[%clk 00:14:36]} {[%emt 00:05:05]} 27. h4 {[%clk
00:24:11]} {[%emt 00:03:17]} f6 {[%clk 00:12:54]} {[%emt 00:02:12]} 28. h5
{[%clk 00:19:46]} {[%emt 00:04:55]} Qg7 {[%clk 00:12:53]} {[%emt 00:00:30]} 29.
Qxg7+ {[%clk 00:19:32]} {[%emt 00:00:45]} Kxg7 {[%clk 00:13:21]} {[%emt
00:00:02]} 30. Rh1 {[%clk 00:17:35]} {[%emt 00:02:27]} g5 {[%clk 00:12:10]}
{[%emt 00:01:41]} 31. g4 {[%clk 00:13:36]} {[%emt 00:04:28]} h6 {[%clk
00:12:12]} {[%emt 00:00:28]} 32. Nd1 {[%clk 00:13:06]} {[%emt 00:01:01]} Be6
{[%clk 00:12:12]} {[%emt 00:00:30]} 33. b3 {[%clk 00:12:02]} {[%emt 00:01:34]}
Ra8 {[%clk 00:11:49]} {[%emt 00:00:53]} 34. Nb2 {[%clk 00:10:39]} {[%emt
00:01:53]} b5 {[%emt 00:04:12]} 35. Ra3 {[%clk 00:08:10]} Rd7 {[%clk 00:10:10]}
{[%emt 00:01:26]} 36. Kf2 {[%clk 00:06:48]} {[%emt 00:01:52]} b4 {[%clk
00:08:34]} {[%emt 00:02:05]} 1/2-1/2

[Event "MCR juniorek 2024"]
[Site "Jaromerice nad Rokytnou, Czech Republic"]
[Date "????.??.??"]
[Round "6.4"]
[White "Nagyova, Daniela"]
[Black "Jakubse, Tamae Severina"]
[Result "1-0"]
[WhiteClock "00:03:13"]
[BlackClock "00:10:35"]
[WhiteFideId "390070"]
[BlackFideId "23745975"]
[WhiteElo "1927"]
[BlackElo "1861"]

1. e4 {[%clk 01:30:53]} {[%emt 00:00:07]} e5 {[%clk 01:30:53]} {[%emt
00:00:08]} 2. Nf3 {[%clk 01:31:05]} {[%emt 00:00:17]} Nc6 {[%clk 01:31:18]}
{[%emt 00:00:05]} 3. Bc4 {[%clk 01:31:17]} {[%emt 00:00:18]} Nf6 {[%clk
01:31:42]} {[%emt 00:00:06]} 4. d3 {[%clk 01:31:10]} {[%emt 00:00:37]} Bc5
{[%clk 01:31:54]} {[%emt 00:00:18]} 5. c3 {[%clk 01:29:46]} {[%emt 00:01:54]}
d6 {[%clk 01:32:18]} {[%emt 00:00:07]} 6. O-O {[%clk 01:29:35]} {[%emt
00:00:40]} a5 {[%clk 01:32:31]} {[%emt 00:00:17]} 7. Nbd2 {[%clk 01:27:08]}
{[%emt 00:02:57]} O-O {[%clk 01:32:23]} {[%emt 00:00:37]} 8. h3 {[%clk
01:25:49]} {[%emt 00:01:50]} Ba7 {[%clk 01:31:44]} {[%emt 00:01:09]} 9. Re1
{[%clk 01:24:05]} {[%emt 00:02:13]} h6 {[%clk 01:27:50]} {[%emt 00:04:24]} 10.
Nf1 {[%clk 01:22:20]} {[%emt 00:02:15]} Be6 {[%clk 01:28:05]} {[%emt 00:00:16]}
11. Bb3 {[%clk 01:18:52]} {[%emt 00:03:58]} Bxb3 {[%clk 01:25:52]} {[%emt
00:02:41]} 12. Qxb3 {[%clk 01:16:50]} {[%emt 00:02:33]} Qd7 {[%clk 01:25:20]}
{[%emt 00:01:02]} 13. Bd2 {[%clk 01:12:28]} {[%emt 00:04:52]} Rfe8 {[%clk
01:23:18]} {[%emt 00:02:32]} 14. Ng3 {[%clk 01:07:22]} {[%emt 00:05:37]} d5
{[%clk 01:19:07]} {[%emt 00:04:41]} 15. Rad1 {[%clk 01:03:49]} {[%emt
00:04:03]} Rad8 {[%clk 01:10:18]} {[%emt 00:09:17]} 16. Bc1 {[%clk 00:57:56]}
{[%emt 00:06:25]} d4 {[%clk 01:03:57]} {[%emt 00:06:51]} 17. Qxb7 {[%clk
00:50:32]} Rb8 {[%clk 00:46:35]} {[%emt 00:25:45]} 18. Qa6 {[%clk 00:50:26]}
{[%emt 00:00:36]} Rb6 {[%clk 00:45:57]} {[%emt 00:01:09]} 19. Qc4 {[%clk
00:49:39]} {[%emt 00:01:16]} Reb8 {[%clk 00:44:39]} {[%emt 00:01:48]} 20. Nf5
{[%clk 00:39:12]} {[%emt 00:10:57]} Rb5 {[%clk 00:36:56]} {[%emt 00:08:13]} 21.
Qa4 {[%clk 00:33:35]} {[%emt 00:06:07]} Rc5 {[%clk 00:27:20]} {[%emt 00:10:05]}
22. Qa3 {[%clk 00:27:03]} {[%emt 00:07:05]} Ne8 {[%clk 00:21:43]} {[%emt
00:06:06]} 23. cxd4 {[%clk 00:22:54]} {[%emt 00:04:39]} exd4 {[%clk 00:20:24]}
{[%emt 00:01:49]} 24. Bf4 {[%clk 00:17:45]} {[%emt 00:05:40]} Rc2 {[%clk
00:18:17]} {[%emt 00:02:36]} 25. Rb1 {[%clk 00:11:05]} {[%emt 00:07:10]} Rb5
{[%clk 00:04:40]} {[%emt 00:14:08]} 26. Rec1 {[%clk 00:06:07]} {[%emt
00:05:28]} Nb4 {[%clk 00:01:36]} {[%emt 00:03:33]} 27. Rxc2 {[%clk 00:05:28]}
{[%emt 00:01:09]} Nxc2 {[%clk 00:01:59]} {[%emt 00:00:07]} 28. Qa4 {[%clk
00:04:40]} {[%emt 00:01:18]} Nb4 {[%clk 00:01:50]} {[%emt 00:00:39]} 29. N3xd4
{[%clk 00:02:44]} {[%emt 00:02:26]} Bxd4 {[%clk 00:01:05]} {[%emt 00:01:16]} 30.
Nxd4 {[%clk 00:02:59]} {[%emt 00:00:14]} Rd5 {[%clk 00:01:28]} {[%emt
00:00:07]} 31. Qxd7 {[%clk 00:02:51]} {[%emt 00:00:38]} Rxd7 {[%clk 00:01:57]}
{[%emt 00:00:01]} 32. Nb5 {[%clk 00:01:57]} {[%emt 00:01:25]} c6 {[%clk
00:02:04]} {[%emt 00:00:22]} 33. Na3 {[%clk 00:01:39]} {[%emt 00:00:49]} Rxd3
{[%clk 00:02:05]} {[%emt 00:00:28]} 34. Rc1 {[%clk 00:01:19]} {[%emt 00:00:50]}
Rd4 {[%clk 00:01:10]} {[%emt 00:01:25]} 35. Rc4 {[%clk 00:01:22]} {[%emt
00:00:28]} Rd1+ {[%clk 00:01:14]} {[%emt 00:00:25]} 36. Kh2 {[%clk 00:01:47]}
{[%emt 00:00:05]} Nf6 {[%clk 00:01:08]} {[%emt 00:00:36]} 37. Be5 {[%clk
00:01:16]} {[%emt 00:01:01]} Nd7 {[%clk 00:01:08]} {[%emt 00:00:29]} 38. Bc3
{[%clk 00:01:18]} {[%emt 00:00:29]} Nb6 {[%clk 00:00:40]} {[%emt 00:00:58]} 39.
Rc5 {[%clk 00:01:04]} {[%emt 00:00:43]} Na4 {[%clk 00:00:42]} {[%emt 00:00:29]}
40. Rxa5 {[%clk 00:00:55]} {[%emt 00:00:39]} Nxc3 {[%clk 00:00:52]} {[%emt
00:00:20]} 41. bxc3 {[%clk 00:00:56]} {[%emt 00:00:29]} Nxa2 {[%clk 00:30:02]}
{[%emt 00:01:19]} 42. Rc5 {[%clk 00:20:02]} {[%emt 00:11:25]} Rc1 {[%clk
00:27:35]} {[%emt 00:02:56]} 43. Rxc6 {[%clk 00:18:52]} {[%emt 00:01:41]} Rxc3
{[%clk 00:27:50]} {[%emt 00:00:14]} 44. Rxc3 {[%clk 00:18:46]} {[%emt
00:00:36]} Nxc3 {[%clk 00:28:18]} {[%emt 00:00:03]} 45. f3 {[%clk 00:18:35]}
{[%emt 00:00:40]} Ne2 {[%clk 00:28:17]} {[%emt 00:00:31]} 46. g3 {[%clk
00:18:39]} {[%emt 00:00:27]} Kf8 {[%clk 00:25:21]} {[%emt 00:03:26]} 47. Nb5
{[%clk 00:17:41]} {[%emt 00:01:28]} Nc1 {[%clk 00:24:50]} {[%emt 00:01:01]} 48.
Kg2 {[%clk 00:17:31]} {[%emt 00:00:40]} Nd3 {[%clk 00:24:49]} {[%emt 00:00:31]}
49. Kf1 {[%clk 00:17:41]} {[%emt 00:00:19]} Ke7 {[%clk 00:25:01]} {[%emt
00:00:18]} 50. Ke2 {[%clk 00:17:46]} {[%emt 00:00:25]} Ne5 {[%clk 00:23:50]}
{[%emt 00:01:41]} 51. Ke3 {[%clk 00:16:24]} {[%emt 00:01:53]} Nc6 {[%clk
00:22:51]} {[%emt 00:01:29]} 52. Nd4 {[%clk 00:15:24]} {[%emt 00:01:30]} Ne5
{[%clk 00:21:52]} {[%emt 00:01:29]} 53. f4 {[%clk 00:14:36]} {[%emt 00:01:17]}
Nc4+ {[%clk 00:19:51]} {[%emt 00:02:31]} 54. Kd3 {[%clk 00:14:59]} {[%emt
00:00:07]} Nd6 {[%clk 00:20:15]} {[%emt 00:00:07]} 55. Nf5+ {[%clk 00:14:41]}
{[%emt 00:00:48]} Nxf5 {[%clk 00:20:37]} {[%emt 00:00:07]} 56. exf5 {[%clk
00:15:07]} {[%emt 00:00:05]} Kf6 {[%clk 00:20:24]} {[%emt 00:00:43]} 57. Ke4
{[%clk 00:12:44]} {[%emt 00:02:53]} Ke7 {[%clk 00:17:57]} {[%emt 00:02:57]} 58.
Ke5 {[%clk 00:08:28]} {[%emt 00:04:46]} Kd7 {[%clk 00:17:44]} {[%emt 00:00:42]}
59. g4 {[%clk 00:05:11]} {[%emt 00:03:47]} f6+ {[%clk 00:15:39]} {[%emt
00:02:35]} 60. Kd5 {[%clk 00:05:34]} {[%emt 00:00:08]} Ke7 {[%clk 00:15:18]}
{[%emt 00:00:51]} 61. Kc6 {[%clk 00:03:54]} {[%emt 00:02:11]} Kf7 {[%clk
00:12:50]} {[%emt 00:02:57]} 62. Kd7 {[%clk 00:03:44]} {[%emt 00:00:40]} Kf8
{[%clk 00:11:25]} {[%emt 00:01:55]} 63. Ke6 {[%clk 00:03:09]} {[%emt 00:01:05]}
Kg8 {[%clk 00:11:46]} {[%emt 00:00:08]} 64. Ke7 {[%clk 00:02:50]} {[%emt
00:00:50]} Kh7 {[%clk 00:11:04]} {[%emt 00:01:11]} 65. Kf7 {[%clk 00:02:32]}
{[%emt 00:00:49]} Kh8 {[%clk 00:11:11]} {[%emt 00:00:23]} 66. h4 {[%clk
00:02:36]} {[%emt 00:00:27]} Kh7 {[%clk 00:11:31]} {[%emt 00:00:09]} 67. g5
{[%clk 00:02:23]} {[%emt 00:00:43]} fxg5 {[%clk 00:11:42]} {[%emt 00:00:19]} 68.
fxg5 {[%clk 00:02:21]} {[%emt 00:00:32]} hxg5 {[%clk 00:10:19]} {[%emt
00:01:53]} 69. hxg5 {[%clk 00:02:45]} {[%emt 00:00:07]} Kh8 {[%clk 00:10:24]}
{[%emt 00:00:23]} 70. f6 {[%clk 00:02:55]} {[%emt 00:00:22]} gxf6 {[%clk
00:10:48]} {[%emt 00:00:06]} 71. g6 {[%clk 00:03:13]} {[%emt 00:00:12]} 1-0